000 00366nam a2200133Ia 4500
008 220217s9999||||xx |||||||||||||| ||und||
020 _a0-07-049568-8
082 _a005.13 YEU
100 _aYeung, Alan Stephenson, Philip
_93639
245 0 _aOracle9i mobile
260 _aTata mcgraw hill
_bNew Delhi
_c2002
300 _b425
650 _aPROGRAMMING LANGUAGE
999 _c172328
_d172328